000 02171nam a2200301Ia 4500
999 _c53371
_d53371
001 20414
003 GE_BSU
005 20201125231032.0
008 181216s2015||||ge |||||||||||||| ||geo||
020 _a9789941077715
040 _cGE_BSU
041 _ageo
080 _a94(479.22:560) ვ-12
100 _aვადაჭკორია, შოთა
_95487
245 _aსაქართველოს პირველი რესპუბლიკა და ოსმალეთის ექსპანსიური პოლიტიკა : (1919 წლის იანვარი - 1921 წლის მარტი) /
_cშოთა ვადაჭკორია ; რედ. ავთანდილ სონღულაშვილი
264 _aთბილისი :
_bგეორგიკა,
_c2015.
300 _a108 გვ. :
_b რუკა ;
_c20 სმ.
504 _aბიბლიოგრ. : გვ. 101-103
520 _aრეზიუმე ინგლისურ ენაზე
653 _aისტორია
653 _aოსმალეთი და "სამხრეთ კავკასიის მუსლიმანური სახელმწიფოს" შექმნის საკითხი
653 _a რუსეთ-ოსმალეთის ალიანსი და დამოუკიდებელი საქართველო
653 _aსაქართველოს დამოუკიდებელი რესპუბლიკა
653 _aსაქართველოს პირველი რესპუბლიკა და ოსმალეთის ექსპანსიური პოლიტიკა : (1919 წლის იანვარი - 1921 წლის მარტი)
700 _a სონღულაშვილი, ავთანდილ
_eრედაქტორი
_99777
711 _aივ. ჯავახიშვილის სახელობის ისტორიისა და ეთნოლოგიის ინსტიტუტიტი.
_99778
942 _cBK
_2udc